00520nam a22001697a 450000500170000001000150001702000260003203500130005803700130007108200120008410000270009624500540012326000410017727000610021830000210027950000500030020161024150725.0 aENG-116287 a9788180902376c850.00 aEN-99819 bDBAD/PUB a954.022 aSaksena,Banarsi Prasad aHistory of Shahjahan /cby Banarsi Prasad Saksena aDelhibBhartiya Kala Prakashanc2013 a3421-A,IInd Floor Narang Colony,Tri NagarbDelhie110035 a390p. c21cm(Hb) aIncludes bibliographical references and index